Statistics for REVERSE Roman Numeral Quiz

Click here to take the quiz!

General Stats

  • This quiz has been taken 37 times
  • The average score is 13 of 15

Answer Stats

HintAnswer% Correct
212CCXII
100%
822DCCCXXII
100%
829DCCCXXIX
100%
670DCLXX
100%
556DLVI
100%
9IX
100%
58LVIII
100%
65LXV
100%
88LXXXVIII
100%
1131MCXXXI
100%
14XIV
100%
27XXVII
100%
39XXXIX
100%
62LXII
88%
79LXXIX
88%
2102MMCII
88%
255CCLV
86%
266CCLXVI
86%
3809MMMDCCCIX
86%
954CMLIV
83%
1893MDCCCXCIII
82%
390CCCXC
80%
871DCCCLXXI
80%
786DCCLXXXVI
78%
1209MCCIX
78%
906CMVI
75%
3938MMMCMXXXVIII
75%
42XLII
75%
924CMXXIV
71%
937CMXXXVII
71%

Score Distribution

Percentile by Number Answered

Percent of People with Each Score

Your Score History

You have not taken this quiz